000 00780nam a2200301Ia 4500
003 OSt
005 20221006151903.0
006 a|||||r|||| 00| 0
007 ta
008 221006b |||||||| |||| 00| 0 eng d
020 _c363.00
024 _a23,807
037 _cTextual
040 _aEASL
_cEASL
_beng
041 _2eng
_aeng
082 _aY.42.N6, K4
100 _aREISCHAUER Edwin O.
245 0 _aJapan
_b Past and Present
260 _aTokyo
_bCharles E. Tuttle Japan
_c1964
300 _a350p.
_ccm.
490 _v JEL
650 _a Feudal Society
_9660220
650 _a Feudal System
_9660221
650 _a Modern State
_9660222
650 _aJEL
942 _hY.42.N6, K4
_cTEXL
_2CC
999 _c1091893
_d1091893